| 000 | 01138cam a2200217 4500 | ||
|---|---|---|---|
| 001 | WB3829-11 | ||
| 008 | 020807n2002 000 0 eng u | ||
| 035 | _a(Sirsi) u119245 | ||
| 245 | _aMoves to help tackle late payers | ||
| 260 | _c2002 | ||
| 490 |
_aDTI News Release _v(P/2002/520) 7 August 2002 (3) |
||
| 520 | _aA new raft of measures to combat late payment came into force on 7 August. The changes allow businesses owed money to claim up to £100 in debt recovery costs for time spent chasing each unpaid bill. DTI news release http://www.nds.coi.gov.uk/coi/coipress.nsf/7e4cd219f1e58adf802565250034fa39/d62b2ba378ba14c480256c0e002daa46?OpenDocument The DIT's Small business service has published a guide "A user's guide to late payment legislation" available to download from the Better payment practice group website at www.payontim.co.uk or http://www.dti.gov.uk/latepay/latepaymentguide.pdf | ||
| 590 | _aWB | ||
| 650 | _aBUSINESSES | ||
| 650 | _aLATE PAYMENT | ||
| 650 | _aCOMPENSATION CLAIMS | ||
| 650 | _aDTI | ||
| 650 | _aREFORMS | ||
| 690 | _aMANAGEMENT-BUSINESS MANAGEMENT-FINANCIAL MANAGEMENT | ||
| 942 | _n0 | ||
| 999 |
_c70919 _d70919 |
||